000 00714cab a2200241 4500
001 WB3039-55
008 090401t1994 xxu||||| |||| 00| 0 eng d
035 _a(Sirsi) u71351
041 _aeng
245 _aBusiness rating appeal regs
260 _c1994
350 _a0
490 _aRICS Press Release
_v(PR165/94COMM) 14 October 1994, (3)
520 _aThe RICS expresses concern over government`s proposed changes to the business rating appeal process and offers alternative proposals.
650 _aAPPEAL PERIOD
650 _aAPPEALS
650 _aBUSINESS RATES
650 _aRICS
650 _aVALUATION OFFICE AGENCY
690 _aRATING AND VALUATION
942 _n0
948 _c04/03/1997
999 _c44967
_d44967